|
|
|
|
| LEADER |
00551nam a22001577a 4500 |
| 020 |
|
|
|a 8175341129
|
| 074 |
|
|
|a 2999
|
| 082 |
|
|
|a 347.035 BIC'78
|
| 100 |
|
|
|a Bickel, Alexander M
|9 1095
|
| 245 |
|
|
|a The Supreme court and the idea of progress
|
| 260 |
|
|
|a Delhi
|b Universal law publishing
|c 1978
|
| 300 |
|
|
|a xvi,210p.
|
| 500 |
|
|
|a Includes index.
|
| 653 |
|
|
|a Law
|a Civil law
|a Supreme court-United States of America
|
| 999 |
|
|
|c 2646
|d 2646
|
| 952 |
|
|
|0 0
|1 0
|2 udc
|4 0
|6 347035_BIC78
|7 0
|9 3639
|a NUALS
|b NUALS
|d 2009-12-07
|l 0
|o 347.035 BIC'78
|p 2999
|r 2009-12-07
|t 1
|w 2009-12-07
|y VRK
|